Manual de tratamiento de aguas

Bibliographic Details
Main Author: Estados Unidos. Departamento de Sanidad del Estado de Nueva York
Format: Section = Libro
Language:Undetermined
Spanish
Published: México Limusa 2006
Subjects:
LEADER 00530nam a2200181Ia 4500
008 240829s9999 xx 000 0 und d
020 |a 968-18-0463-5 
040 |a BIBLIOTECA-RUSB/ 628.162 E79 
041 |a spa 
082 |a 628.162 E79 
100 1 |a Estados Unidos. Departamento de Sanidad del Estado de Nueva York 
245 1 0 |a Manual de tratamiento de aguas 
260 |a México  |b Limusa  |c 2006 
300 |a 205 p. :il. 
650 7 |a ANALISIS, TRATAMIENTO, CONTAMINACION DE LAS AGUAS 
942 |c BK  |2 ddc 
991 |a TEXTO 
999 |c 3806